Organizational behavior / (Record no. 25517)
[ view plain ]
| 000 -LEADER | |
|---|---|
| fixed length control field | 00965cam a22003135a 4500 |
| 001 - CONTROL NUMBER | |
| control field | 017744744 |
| 003 - CONTROL NUMBER IDENTIFIER | |
| control field | OSt |
| 005 - DATE AND TIME OF LATEST TRANSACTION | |
| control field | 20171226135637.0 |
| 008 - FIXED-LENGTH DATA ELEMENTS--GENERAL INFORMATION | |
| fixed length control field | 160212t2017 enka frbd 001 0 eng d |
| 020 ## - INTERNATIONAL STANDARD BOOK NUMBER | |
| International Standard Book Number | 9781292146300 |
| 020 ## - INTERNATIONAL STANDARD BOOK NUMBER | |
| International Standard Book Number | 1292146303 |
| 040 ## - CATALOGING SOURCE | |
| Original cataloging agency | StDuBDS |
| Language of cataloging | eng |
| Transcribing agency | StDuBDS |
| Modifying agency | Uk |
| -- | EG-ScBUE |
| 082 04 - DEWEY DECIMAL CLASSIFICATION NUMBER | |
| Classification number | 658.3 |
| Item number | ROB |
| Edition number | 22 |
| 100 1# - MAIN ENTRY--PERSONAL NAME | |
| Personal name | Robbins, Stephen P., |
| Dates associated with a name | 1943- |
| 245 10 - TITLE STATEMENT | |
| Title | Organizational behavior / |
| Statement of responsibility, etc | Stephen P. Robbins, Timothy A. Judge. |
| 250 ## - EDITION STATEMENT | |
| Edition statement | 17th ed., Global ed. |
| 260 ## - PUBLICATION, DISTRIBUTION, ETC. (IMPRINT) | |
| Place of publication, distribution, etc | Harlow : |
| Name of publisher, distributor, etc | Pearson Education Limited, |
| Date of publication, distribution, etc | c.2017. |
| 300 ## - PHYSICAL DESCRIPTION | |
| Extent | 739 p. : |
| Other physical details | ill. (col.) ; |
| Dimensions | 28 cm. |
| 500 ## - GENERAL NOTE | |
| General note | Previous edition : 2015. |
| 500 ## - GENERAL NOTE | |
| General note | Includes glossary. |
| 504 ## - BIBLIOGRAPHY, ETC. NOTE | |
| Bibliography, etc | Includes bibliographical references and index. |
| 650 #7 - SUBJECT ADDED ENTRY--TOPICAL TERM | |
| Topical term or geographic name as entry element | Organizational behavior. |
| Source of heading or term | BUEsh |
| 650 #7 - SUBJECT ADDED ENTRY--TOPICAL TERM | |
| Topical term or geographic name as entry element | Personnel management. |
| Source of heading or term | BUEsh |
| 651 ## - SUBJECT ADDED ENTRY--GEOGRAPHIC NAME | |
| Source of heading or term | BUEsh |
| 653 ## - INDEX TERM--UNCONTROLLED | |
| Resource For college | BAEPS, Business Administration |
| Arrived date list | October2017 |
| 655 ## - INDEX TERM--GENRE/FORM | |
| Form subdivision | Text book |
| -- | 33728 |
| 700 1# - ADDED ENTRY--PERSONAL NAME | |
| Personal name | Judge, Timothy A. |
| 942 ## - ADDED ENTRY ELEMENTS (KOHA) | |
| Source of classification or shelving scheme | Dewey Decimal Classification |
| Withdrawn status | Item status | Source of classification or shelving scheme | Damaged status | Not for loan | Vendor | Home library | Current library | Shelving location | Date acquired | Source of acquisition | Total Checkouts | Full call number | Barcode | Date last seen | Koha item type | Total Renewals | Checked out | Date last borrowed | Cost, normal purchase price |
|---|---|---|---|---|---|---|---|---|---|---|---|---|---|---|---|---|---|---|---|
| Dewey Decimal Classification | Baccah | Central Library | Central Library | First floor | 29/10/2017 | Purchase | 658.3 ROB | 000042311 | 15/07/2025 | NB - Book (Non borrowing) | |||||||||
| Dewey Decimal Classification | Baccah | Central Library | Central Library | First floor | 29/10/2017 | Purchase | 658.3 ROB | 000042312 | 15/07/2025 | NB - Book (Non borrowing) | |||||||||
| Dewey Decimal Classification | Baccah | Central Library | Central Library | First floor | 29/10/2017 | Purchase | 3 | 658.3 ROB | 000042313 | 09/03/2020 | Book - Borrowing | 19 | 28/03/2020 | 09/03/2020 | |||||
| Dewey Decimal Classification | Baccah | Central Library | Central Library | First floor | 29/10/2017 | Purchase | 5 | 658.3 ROB | 000042314 | 15/07/2025 | Book - Borrowing | 7 | 18/12/2019 | ||||||
| Dewey Decimal Classification | Baccah | Central Library | Central Library | First floor | 29/10/2017 | Purchase | 2 | 658.3 ROB | 000042315 | 15/07/2025 | Book - Borrowing | 30 | 18/02/2020 | ||||||
| Dewey Decimal Classification | Central Library | Central Library | First floor | 26/12/2017 | Exchange | 9 | 658.3 ROB | 000047026 | 15/07/2025 | Book - Borrowing | 46 | 19/12/2023 | 550.00 | ||||||
| Dewey Decimal Classification | unknown | Central Library | Central Library | First floor | 05/01/2021 | Exchange | 658.3 ROB | 000050170 | 24/08/2022 | Book - Borrowing |